| 000 | 00657nam a2200217Ia 4500 | ||
|---|---|---|---|
| 999 |
_c41098 _d41098 |
||
| 001 | 7748 | ||
| 003 | GE_BSU | ||
| 005 | 20221116112551.0 | ||
| 008 | 181216s1985en xx |||||||||||||| ||eng|| | ||
| 020 | _a9780521369527 x | ||
| 040 | _cGE_BSU | ||
| 041 | _aeng | ||
| 080 | _a551.5/27 B-92 | ||
| 100 |
_aBudden,K.G. _914748 |
||
| 245 | 4 |
_aThe propagation of radio waves: The theory of radio waves of low power in the ionosphere and magnetoshere/ _bK.G. Budden, |
|
| 264 |
_aCambridge : _bCambridge university Press, _c1985. |
||
| 300 |
_a669p. _bIll; _c26 cm. |
||
| 653 | _aThe propagation of radio waves | ||
| 653 | _aფიზიკა | ||
| 942 |
_cBK _2udc |
||